000 00690nam a22002297a 4500
999 _c3706
_d3706
001 18517
003 BD-DhUAP
005 20200311112609.0
008 200311s2003 nyu b 001 0 eng
020 _a0393979695
040 _aDLC
_cDLC
_dBD-DhUAP
_bEng
082 0 0 _223
_a810.8 NOR
245 0 4 _aThe Norton anthology of American literature /
_cedited by Nina Baym ... [et al.].
250 _aShorter 6th ed.
260 _aNew York :
_bW.W. Norton,
_cc2003.
300 _axxxii, 2930 pages ;
_c23 cm.
504 _aIncludes bibliographies and indexes.
650 0 _aAmerican literature.
651 0 _aUnited States
_xLiterary collections.
700 1 _aBaym, Nina.
942 _2ddc
_cBK